000 00401pab a2200169 454500
008 180718b2007 xxu||||| |||| 00| 0 eng d
100 _aKaur, Kuljit
245 _aThe effects of environmental pollution on human health
260 _c2007
300 _ap.22-43.
362 _aSep
650 _aHealth services
650 _aPollution
773 _aWorld Affairs
908 _aN
909 _a76195
999 _c76195
_d76195